Zekon Michalovce núka prácu pre takmer dvesto ľudí

Privatizácia bývalého michalovského závodu OZKN Prešov sa uskutočnila v r.1994, odvtedy funguje fabrika na výrobu odevov pod názvom Zekon, a.s. Michalovce. Priemerný ročný obrat 350-370 mil. Sk. Pozícia výrobcu odevov pre armádu. Výrobný program Zekonu.

Salvato in:
Dettagli Bibliografici
Autore principale: Immer, Ján
Natura: Capitolo di libro
Lingua:slovacco
Soggetti:
Tags: Aggiungi Tag
Nessun Tag, puoi essere il primo ad aggiungerne!!

MARC

LEADER 00000naa a2200000 4500
001 r026601
005 20230921081255.9
041 0 |a slo 
044 |a SK 
245 1 0 |a Zekon Michalovce núka prácu pre takmer dvesto ľudí  |c J. Immer 
520 |a Privatizácia bývalého michalovského závodu OZKN Prešov sa uskutočnila v r.1994, odvtedy funguje fabrika na výrobu odevov pod názvom Zekon, a.s. Michalovce. Priemerný ročný obrat 350-370 mil. Sk. Pozícia výrobcu odevov pre armádu. Výrobný program Zekonu. 
610 2 0 |a Zekon, a.s. Michalovce 
610 2 0 |a programy výrobné 
610 2 0 |a výrobky textilné 
610 2 0 |a zisk 
610 2 0 |a obrat obchodný 
610 2 0 |a 1996 
100 1 |a Immer, Ján